Tilastot visalle Liigan joukkuet kausi 2019-2020

Klikkaa tästä pelataksesi tätä visaa!

Yleistilastot

  • Tätä visaa on pelattu 266 kertaa
  • Keskiarvotulos 14 / 15

Vastaustilastot

Vastaus% Oikein
Kärpät
99%
Tappara
99%
Ilves
97%
Pelicans
97%
HIFK
96%
SaiPa
95%
Ässät
94%
TPS
94%
Lukko
93%
JYP
92%
HPK
90%
Jukurit
87%
KalPa
87%
Kookoo
87%
Sport
86%

Tulosjakauma

Persentiili vastausten määrän mukaan

Jokaisen tuloksen saaneiden osuus

Tuloshistoriasi

Et ole pelannut tätä visaa